Villes de France en images par lettre - N - Statistiques

Statistiques générales
  • Ce quiz a été pris 243 fois
  • Le résultat moyen est 7 sur 15
Statistiques - réponses
Par images Hint Réponse % Correct
PACA Nice
98%
Occitanie Nîmes
93%
Pays-de-la-Loire Nantes
86%
Grand-Est Nancy
74%
Île-de-France Nanterre
69%
Occitanie Narbonne
58%
Nouvelle-Aquitaine Niort
50%
Bourgogne-Franche-Comté Nevers
49%
Île-de-France Noisy-le-Grand
30%
Île-de-France Nemours
17%
Hauts-de-France Noyon
13%
Auvergne-Rhône-Alpes Nyons
13%
Nouvelle-Aquitaine Nérac
6%
Pays-de-la-Loire Noirmoutier
6%
Île-de-France Noisiel
5%
Aucun quiz correspondant
Distribution des résultats
% des personnes avec chaque résultat
Percentile par nombre de réponses
Votre historique - résultats
Vous n’avez pas pris ce quiz